[Event "GER CM01-C email"]
[Site "GER email"]
[Date "2014.09.25"]
[Round "?"]
[White "Horvat, Anica"]
[Black "Volodarsky, Yury Aleksandrovic"]
[Result "1/2-1/2"]
[WhiteElo "2265"]
[BlackElo "2301"]
[PlyCount "66"]
[EventDate "2014.??.??"]
[EventType "tourn (corr)"]
[EventRounds "12"]
[EventCountry "GER"]
[SourceTitle "Corr 2017"]
[Source "ChessBase"]
[SourceDate "2017.09.19"]
[SourceVersion "1"]
[SourceVersionDate "2017.09.19"]
[SourceQuality "1"]

1. e4 e5 2. Nf3 Nc6 3. Bb5 a6 4. Ba4 Nf6 5. 0-0 b5 6. Bb3 Bc5 7. a4 Rb8 8. c3 d6 9. d4 Bb6 10. axb5 axb5 11. Na3 0-0 12. Nxb5 Bg4 13. Bc2 Bxf3 14. gxf3 Nh5 15. f4 Nxf4 16. Bxf4 exf4 17. Qg4 Qf6 18. Ra6 g6 19. Na3 Ra8 20. Rxa8 Rxa8 21. Nc4 Kg7 22. Bd3 Ra2 23. Rb1 Ba7 24. Kg2 Na5 25. Qd7 Qe6 26. Qxe6 fxe6 27. h4 Nb3 28. Re1 Bb8 29. Bb1 Ra7 30. Na3 Rb7 31. Bc2 Nd2 32. Rd1 Nb3 33. Re1 Nd2 1/2-1/2

[Event "GER CM01-C email"]
[Site "GER email"]
[Date "2014.09.25"]
[Round "?"]
[White "Zielasko, Andreas"]
[Black "Horvat, Anica"]
[Result "1/2-1/2"]
[WhiteElo "2277"]
[BlackElo "2265"]
[PlyCount "81"]
[EventDate "2014.??.??"]
[EventType "tourn (corr)"]
[EventRounds "12"]
[EventCountry "GER"]
[SourceTitle "Corr 2017"]
[Source "ChessBase"]
[SourceDate "2017.09.19"]
[SourceVersion "1"]
[SourceVersionDate "2017.09.19"]
[SourceQuality "1"]

1. e4 c5 2. Nf3 d6 3. d4 cxd4 4. Nxd4 Nf6 5. f3 e5 6. Nb3 Be6 7. c4 Be7 8. Be3 0-0 9. Nc3 a5 10. Nd2 Nfd7 11. Ndb1 Nc6 12. Na3 f5 13. exf5 Bxf5 14. Bd3 Bg5 15. Bf2 Bxd3 16. Qxd3 Nc5 17. Qd5+ Kh8 18. 0-0 Nb4 19. Qd1 Ncd3 20. Kh1 Nxb2 21. Qb3 N2d3 22. Bg1 Nc5 23. Bxc5 dxc5 24. Rad1 Qe7 25. Nab5 Ra6 26. h3 Bf4 27. Ne4 a4 28. Qb2 a3 29. Qf2 Rc6 30. Rb1 Rd8 31. Rfd1 h6 32. Rxd8+ Qxd8 33. Qe2 Qh4 34. Rd1 Rg6 35. Nbd6 Nc6 36. Rd3 Nd4 37. Qd1 Kg8 38. Rxa3 Qd8 39. Nb5 Kh7 40. Rc3 Qa5 41. a3 1/2-1/2